02700nam a2200397 a 4500001001200000003000800012006001900020007001500039008004100054010001700095020002900112020001800141020001800159020001800177020002700195040002100222035002100243050002600264082001600290100002000306245014000326260005600466300002300522504005300545520106600598520020001664533015201864650002802016650001502044650002102059655002902080700003102109710001702140856012602157999001902283ebr10494614CaPaEBRm u cr cn|||||||||110511s2011 enka sb 001 0 eng d z 2011013205 z9781119994015 (hardback) z9781119971870 z9781119972808 z9781119972815 z9781119971887 (e-book) aCaPaEBRcCaPaEBR a(OCoLC)75628083014aTJ1073.R8bK45 2011eb04a620.3/72231 aKelly, James M.10aMechanics of rubber bearings for seismic and vibration isolationh[electronic resource] /cJames M. Kelly, Dimitrios A. Konstantinidis. aChichester, U.K. ;aHoboken, N.J. :bWiley,cc2011. axv, 222 p. :bill. aIncludes bibliographical references and indexes. a"Mechanics of Rubber Bearings for Seismic and Vibration Isolation collates in a compact form all of the information on the mechanics of the increasingly important technology of multi-layer rubber bearings. It explores a unique & comprehensive combination of relevant topics, covering all prerequisite fundamental theory and providing a number of closed form solutions to various boundary value problems as well as a comprehensive historical overview on the use of this technique.The authors progress logically through increasingly complex analyses; many of the results presented are new and are needed for a proper understanding of these bearings and for the design and analysis of vibration isolation or seismic isolation systems. The advantages afforded by adopting these natural rubber systems"otheir cost effectiveness, simplicity, and reliability"is clearly explained to designers and users of this emerging technology, bringing into focus the design and specification of bearings for buildings, bridges and industrial structures"--cProvided by publisher. a"Mechanics of Rubber Bearings collates in a compact form all of the information on the mechanics of the increasingly important technology of multi-layer rubber bearings"--cProvided by publisher. aElectronic reproduction.bPalo Alto, Calif. :cebrary,d2011.nAvailable via World Wide Web.nAccess may be limited to ebrary affiliated libraries. 0aSeismic wavesxDamping. 0aVibration. 0aRubber bearings. 7aElectronic books.2local1 aKonstantinidis, Dimitrios.2 aebrary, Inc.40uhttp://site.ebrary.com/lib/rucke/Doc?id=10494614zAn electronic book accessible through the World Wide Web; click to view c232320d232320